[Event "84th ESP-ch 2019"]
[Site "Marbella"]
[Date "2019.11.23"]
[Round "8.20"]
[White "Moral Garcia, Serafin"]
[Black "Serarols Mabras, Bernat"]
[Result "1-0"]
[WhiteElo "2267"]
[BlackElo "2367"]
[Annotator "ChessBase"]
[PlyCount "77"]
[EventDate "2019.11.16"]
[EventType "swiss"]
[EventCountry "ESP"]
[SourceTitle "playchess.com"]
[Source "ChessBase"]
[SourceQuality "1"]
[TimeControl "5400+30"]

1. e4 {[%emt 0:00:00]} c6 {[%emt 0:00:10]} 2. Nc3 {[%emt 0:00:00]} d5 {[%emt 0:00:06]} 3. Nf3 {[%emt 0:00:01]} Nf6 {[%emt 0:00:12]} 4. e5 {[%emt 0:00:34]} Ne4 {[%emt 0:00:06]} 5. d4 {[%emt 0:01:05]} Nxc3 {[%emt 0:00:40]} 6. bxc3 {[%emt 0:00:30]} Bg4 {[%emt 0:00:26]} 7. h3 {[%emt 0:02:57]} Bh5 {[%emt 0:04:28]} 8. e6 {[%emt 0:02:45]} fxe6 {[%emt 0:06:30]} 9. g4 {[%emt 0:02:12]} Bf7 {[%emt 0:01:47]} 10. Ne5 {[%emt 0:01:46]} Nd7 {[%emt 0:03:37]} 11. Bf4 {[%emt 0:02:43]} Qa5 {[%emt 0:13:29]} 12. Kd2 {[%emt 0:10:15]} g5 {[%emt 0:15:48]} 13. Nxf7 {[%emt 0:04:21]} Kxf7 {[%emt 0:00:59]} 14. Bxg5 {[%emt 0:00:09]} Bg7 {[%emt 0:05:37]} 15. Qf3+ {[%emt 0:00:34]} Ke8 {[%emt 0:00:17]} 16. Qe3 {[%emt 0:00:35]} e5 {[%emt 0:01:49]} 17. f4 {[%emt 0:08:50]} e4 {[%emt 0:09:05]} 18. Rb1 {[%emt 0:05:46]} Nb6 {[%emt 0:08:44]} 19. f5 {[%emt 0:04:11]} Qxa2 {[%emt 0:08:42]} 20. Be2 {[%emt 0:02:29]} Qa3 {[%emt 0:00:02]} 21. Bf4 {[%emt 0:05:54]} e6 {[%emt 0:02:02]} 22. Be5 {[%emt 0:00:59]} Qe7 {[%emt 0:03:27]} 23. Qg3 {[%emt 0:02:54]} Rg8 {[%emt 0:00:55]} 24. Bd6 {[%emt 0:06:46]} Qg5+ {[%emt 0:03:51]} 25. Bf4 {[%emt 0:00:12]} Qf6 {[%emt 0:00:44]} 26. g5 {[%emt 0:02:58]} Qxf5 {[%emt 0:00:31]} 27. Bh5+ {[%emt 0:00:04]} Kd7 {[%emt 0:00:21]} 28. Be2 {[%emt 0:03:42]} Raf8 {[%emt 0:02:08]} 29. Rhf1 {[%emt 0:00:26]} Qg6 {[%emt 0:00:36]} 30. h4 {[%emt 0:04:40]} h5 {[%emt 0:01:20]} 31. Bc7 {[%emt 0:01:16]} Rxf1 {[%emt 0:01:56]} 32. Bxf1 {[%emt 0:00:16]} Rf8 {[%emt 0:01:56]} 33. Bxb6 {[%emt 0:02:27]} axb6 {[%emt 0:00:09]} 34. Rxb6 {[%emt 0:01:01]} Kc8 {[%emt 0:01:05]} 35. Ba6 {[%emt 0:00:23]} e3+ {[%emt 0:01:24]} 36. Kc1 {[%emt 0:00:04]} e5 {[%emt 0:01:21]} 37. Rxb7 {[%emt 0:00:58]} Rf1+ {[%emt 0:00:07]} 38. Kb2 {[%emt 0:00:09]} Kd8 {[%emt 0:00:02]} 39. Bxf1 {[%emt 0:00:07]} 1-0

[Event "84th ESP-ch 2019"]
[Site "Marbella"]
[Date "2019.11.23"]
[Round "8.21"]
[White "Martin Hernandez, Ruben"]
[Black "Bernabeu Lopez, Carlos Javier"]
[Result "1/2-1/2"]
[WhiteElo "2206"]
[BlackElo "2366"]
[Annotator "ChessBase"]
[PlyCount "117"]
[EventDate "2019.11.16"]
[EventType "swiss"]
[EventCountry "ESP"]
[SourceTitle "playchess.com"]
[Source "ChessBase"]
[SourceQuality "1"]
[TimeControl "5400+30"]

1. e4 {[%emt 0:00:16]} g6 {[%emt 0:00:00]} 2. d4 {[%emt 0:01:08]} Bg7 {[%emt 0:00:00]} 3. c4 {[%emt 0:02:23]} d6 {[%emt 0:00:00]} 4. Nc3 {[%emt 0:00:23]} Nf6 {[%emt 0:00:00]} 5. Be2 {[%emt 0:02:02]} O-O {[%emt 0:00:25]} 6. Nf3 {[%emt 0:00:07]} Bg4 {[%emt 0:00:04]} 7. Be3 {[%emt 0:06:43]} Nfd7 {[%emt 0:00:21]} 8. Ng1 {[%emt 0:04:10]} Bxe2 {[%emt 0:02:08]} 9. Ngxe2 {[%emt 0:00:20]} c5 {[%emt 0:00:57]} 10. O-O {[%emt 0:03:00]} cxd4 {[%emt 0:09:01]} 11. Bxd4 {[%emt 0:06:26]} Bxd4 {[%emt 0:04:07]} 12. Nxd4 {[%emt 0:00:16]} Nc6 {[%emt 0:00:09]} 13. b3 {[%emt 0:02:24]} a5 {[%emt 0:02:20]} 14. Qd2 {[%emt 0:04:04]} Nc5 {[%emt 0:03:45]} 15. Rfd1 {[%emt 0:01:55]} Ne5 {[%emt 0:06:19]} 16. f4 {[%emt 0:08:31]} Ned3 {[%emt 0:04:37]} 17. Qe3 {[%emt 0:01:03]} Nb4 {[%emt 0:20:31]} 18. a3 {[%emt 0:10:24]} Nxb3 {[%emt 0:03:34]} 19. Nxb3 {[%emt 0:03:31]} Nc2 {[%emt 0:00:19]} 20. Qf2 {[%emt 0:00:39]} Nxa1 {[%emt 0:00:06]} 21. Rxa1 {[%emt 0:00:31]} Rc8 {[%emt 0:01:05]} 22. Nd2 {[%emt 0:00:26]} Rc5 {[%emt 0:04:00]} 23. Rb1 {[%emt 0:01:26]} Qc8 {[%emt 0:07:28]} 24. Nd5 {[%emt 0:02:05]} Re8 {[%emt 0:00:19]} 25. f5 {[%emt 0:01:43]} b5 {[%emt 0:04:38]} 26. f6 {[%emt 0:03:49]} bxc4 {[%emt 0:02:34]} 27. fxe7 {[%emt 0:01:35]} Rxd5 {[%emt 0:00:17]} 28. exd5 {[%emt 0:00:06]} Rxe7 {[%emt 0:00:07]} 29. Qd4 {[%emt 0:01:49]} c3 {[%emt 0:04:02]} 30. Rc1 {[%emt 0:03:42]} c2 {[%emt 0:02:48]} 31. Nf3 {[%emt 0:04:24]} Qf5 {[%emt 0:02:29]} 32. Qd2 {[%emt 0:00:49]} Rc7 {[%emt 0:01:22]} 33. Qxa5 {[%emt 0:00:56]} Rc5 {[%emt 0:00:04]} 34. Qd2 {[%emt 0:00:07]} Qe4 {[%emt 0:01:10]} 35. Kf1 {[%emt 0:04:26]} Qc4+ {[%emt 0:01:06]} 36. Qe2 {[%emt 0:01:00]} Qb3 {[%emt 0:01:08]} 37. h3 {[%emt 0:02:56]} Qb2 {[%emt 0:04:30]} 38. Qd2 {[%emt 0:00:06]} Rxd5 {[%emt 0:00:58]} 39. Qxc2 {[%emt 0:00:10]} Qxa3 {[%emt 0:00:10]} 40. Qc8+ {[%emt 0:00:49]} Kg7 {[%emt 0:00:03]} 41. Qc3+ {[%emt 0:00:04]} Qxc3 {[%emt 0:00:02]} 42. Rxc3 {[%emt 0:00:06]} Kf6 {[%emt 0:01:10]} 43. Ke2 {[%emt 0:00:12]} Ra5 {[%emt 0:00:16]} 44. Rd3 {[%emt 0:00:59]} Ra6 {[%emt 0:02:04]} 45. g4 {[%emt 0:00:15]} h6 {[%emt 0:00:04]} 46. Ke3 {[%emt 0:00:12]} Ke6 {[%emt 0:00:34]} 47. Kf4 {[%emt 0:00:35]} Kf6 {[%emt 0:00:22]} 48. h4 {[%emt 0:00:43]} Ra4+ {[%emt 0:00:44]} 49. Rd4 {[%emt 0:01:49]} Ra6 {[%emt 0:00:28]} 50. Nd2 {[%emt 0:01:21]} Ke6 {[%emt 0:00:23]} 51. Nc4 {[%emt 0:03:43]} Rc6 {[%emt 0:00:57]} 52. Re4+ {[%emt 0:00:27]} Kf6 {[%emt 0:02:23]} 53. Ne3 {[%emt 0:00:21]} Rc5 {[%emt 0:00:22]} 54. Re8 {[%emt 0:04:10]} Ra5 {[%emt 0:01:06]} 55. Rh8 {[%emt 0:02:26]} Kg7 {[%emt 0:00:53]} 56. Rd8 {[%emt 0:00:09]} Ra4+ {[%emt 0:00:04]} 57. Kf3 {[%emt 0:00:49]} Rd4 {[%emt 0:01:30]} 58. Re8 {[%emt 0:01:42]} h5 {[%emt 0:00:55]} 59. gxh5 {[%emt 0:01:33]} 1/2-1/2

[Event "84th ESP-ch 2019"]
[Site "Marbella"]
[Date "2019.11.23"]
[Round "8.22"]
[White "Perez Garcia, Alejandro"]
[Black "Garcia Vicente, Nieves"]
[Result "1-0"]
[WhiteElo "2343"]
[BlackElo "2175"]
[Annotator "ChessBase"]
[PlyCount "87"]
[EventDate "2019.11.16"]
[EventType "swiss"]
[EventCountry "ESP"]
[SourceTitle "playchess.com"]
[Source "ChessBase"]
[SourceQuality "1"]
[TimeControl "5400+30"]

1. c4 {[%emt 0:00:00]} e6 {[%emt 0:00:00]} 2. g3 {[%emt 0:00:00]} d5 {[%emt 0:00:00]} 3. Bg2 {[%emt 0:00:00]} Nf6 {[%emt 0:00:11]} 4. Nf3 {[%emt 0:00:00]} dxc4 {[%emt 0:01:28]} 5. Qa4+ {[%emt 0:00:19]} Nbd7 {[%emt 0:03:25]} 6. Qxc4 {[%emt 0:00:03]} a6 {[%emt 0:00:22]} 7. Qb3 {[%emt 0:00:03]} Be7 {[%emt 0:07:05]} 8. O-O {[%emt 0:02:33]} O-O {[%emt 0:03:45]} 9. d4 {[%emt 0:06:18]} c5 {[%emt 0:02:30]} 10. Rd1 {[%emt 0:00:55]} Qb6 {[%emt 0:10:43]} 11. Qxb6 {[%emt 0:09:29]} Nxb6 {[%emt 0:00:03]} 12. Nc3 {[%emt 0:10:55]} h6 {[%emt 0:02:45]} 13. dxc5 {[%emt 0:13:10]} Bxc5 {[%emt 0:00:15]} 14. Bf4 {[%emt 0:00:09]} Nbd5 {[%emt 0:01:52]} 15. Nxd5 {[%emt 0:05:38]} Nxd5 {[%emt 0:01:42]} 16. Rac1 {[%emt 0:02:34]} Nxf4 {[%emt 0:08:00]} 17. Rxc5 {[%emt 0:10:17]} Nxg2 {[%emt 0:00:57]} 18. Kxg2 {[%emt 0:00:10]} Re8 {[%emt 0:09:44]} 19. Ne5 {[%emt 0:07:06]} f6 {[%emt 0:00:27]} 20. Nd7 {[%emt 0:07:58]} e5 {[%emt 0:07:29]} 21. Rc7 {[%emt 0:03:21]} b5 {[%emt 0:00:28]} 22. Rd6 {[%emt 0:02:57]} Kh8 {[%emt 0:01:46]} 23. Nc5 {[%emt 0:01:10]} a5 {[%emt 0:01:35]} 24. e4 {[%emt 0:02:40]} Rb8 {[%emt 0:04:07]} 25. f4 {[%emt 0:01:05]} exf4 {[%emt 0:02:31]} 26. gxf4 {[%emt 0:00:19]} Bg4 {[%emt 0:02:30]} 27. f5 {[%emt 0:02:24]} Rec8 {[%emt 0:01:39]} 28. Rdd7 {[%emt 0:03:29]} Rxc7 {[%emt 0:00:17]} 29. Rxc7 {[%emt 0:00:06]} Be2 {[%emt 0:00:15]} 30. b3 {[%emt 0:01:24]} Rd8 {[%emt 0:06:36]} 31. Ne6 {[%emt 0:01:04]} Rg8 {[%emt 0:02:07]} 32. Nf4 {[%emt 0:02:53]} Bd1 {[%emt 0:00:47]} 33. Rc1 {[%emt 0:02:08]} Rd8 {[%emt 0:00:57]} 34. Kf2 {[%emt 0:01:14]} h5 {[%emt 0:05:06]} 35. Ne6 {[%emt 0:01:57]} Rd2+ {[%emt 0:02:13]} 36. Ke3 {[%emt 0:01:30]} Rxh2 {[%emt 0:00:07]} 37. Rxd1 {[%emt 0:00:20]} Rxa2 {[%emt 0:00:24]} 38. Kf4 {[%emt 0:00:46]} Rf2+ {[%emt 0:00:50]} 39. Kg3 {[%emt 0:00:14]} Rb2 {[%emt 0:00:08]} 40. Nf8 {[%emt 0:00:47]} g5 {[%emt 0:01:29]} 41. Rd7 {[%emt 0:00:30]} Rxb3+ {[%emt 0:00:46]} 42. Kf2 {[%emt 0:00:14]} Rc3 {[%emt 0:00:51]} 43. Nh7 {[%emt 0:00:32]} Rc6 {[%emt 0:01:06]} 44. e5 {[%emt 0:00:12]} 1-0

[Event "84th ESP-ch 2019"]
[Site "Marbella"]
[Date "2019.11.23"]
[Round "8.23"]
[White "Luque Saiz, Andres"]
[Black "Gomez Dieguez, David"]
[Result "1/2-1/2"]
[WhiteElo "2140"]
[BlackElo "2336"]
[Annotator "TA"]
[PlyCount "179"]
[EventDate "2019.11.16"]
[EventType "swiss"]
[EventCountry "ESP"]
[SourceTitle "playchess.com"]
[Source "ChessBase"]
[SourceQuality "1"]

{[%evp 10,179,16,9,16,1,5,0,0,3,10,0,16,0,0,-44,0,0,0,0,10,3,6,5,1,17,29,0,9,7,9,9,9,12,22,-12,-6,-20,7,0,22,15,16,16,16,18,41,-71,-71,-73,-68,-77,-81,-81,-68,-306,-34,-33,-7,-7,0,0,0,0,0,-30,-30,-44,-44,-57,-57,-71,-71,-150,-150,-188,-144,-144,-144,-121,-122,-188,-188,-188,-164,-140,-128,-188,-188,-188,-188,-188,-188,-188,-188,-188,-188,-188,-188,-188,-188,-188,-188,-188,-188,-188,-188,-188,-188,-188,-188,-188,-188,-188,-188,-188,-188,-188,-188,-188,0,0,0,-188,-188,-188,-188,-188,-188,-188,-188,-188,-105,-188,-188,-248,-248,-279,-279,-287,-277,-312,-298,-675,-298,-305,-301,-275,-250,-250,-249,-1612,-242,-242,0,0,0,0,0,0,0,0,0,0,0,0,0,0,0,0,0,0]} 1. e4 e5 2. Nf3 Nc6 3. Bc4 Nf6 4. d3 Bc5 5. O-O d6 6. c3 a5 {C54: Giuoco Piano: 4 c3 Nf6, main lines with 5 d4 and 5 d3} (6... a6 7. a4 Ba7 8. Re1 O-O 9. h3 Kh8 10. b4 Ng8 11. Nbd2 f5 12. b5 Nce7 13. bxa6 bxa6 14. Ba2 Nf6 15. exf5 Nxf5 {½-½ (30) Karjakin,S (2760)-Vitiugov,N (2732) Khanty-Mansiysk 2019}) 7. Nbd2 O-O 8. h3 h6 9. Re1 Be6 10. Bb3 Re8 11. Nf1 d5 12. Ng3 b5 13. d4 $146 ({Predecessor:} 13. Nxe5 Nxe5 14. d4 Ned7 15. exd5 Bxd5 16. Rxe8+ Qxe8 17. Bxd5 Nxd5 18. dxc5 {½-½ (41) Kaniak,J (1781)-Rosicki,M (2043) Jastrzebia Gora 2019}) 13... dxe4 14. Nxe5 Nxe5 15. dxe5 Bxb3 16. Qxd8 Raxd8 17. exf6 Bc2 18. fxg7 Kxg7 19. Bf4 Bb6 20. Rac1 Bd3 $1 21. Nf5+ {[%mdl 64] Double Attack} Kg6 22. g4 h5 23. Kg2 hxg4 24. hxg4 e3 25. Nxe3 Be4+ 26. f3 Rd2+ {[%mdl 64] Double Attack} 27. Kg3 Bc6 28. Nc4 (28. c4 $14 {keeps the upper hand.} Bd4 29. cxb5 Bxb5 30. Red1 (30. Rxc7 Rxb2 31. Rcc1 Rxa2 $11) 30... Rxd1 31. Nxd1) 28... Bf2+ $17 29. Kh3 {Strongly threatening Rxe8.} Rd3 30. Ne5+ Rxe5 $1 31. Bxe5 Rxf3+ 32. Kh2 $2 ({Only move:} 32. Kg2 $15) 32... Bxe1 $2 ({Black should play} 32... Kg5 $1 $19 33. Bxc7 Kxg4 34. Rg1+ Kh4 35. Bd8+ f6 36. Bxf6+ Rxf6) 33. Rxe1 $19 {[%mdl 4096] Endgame KRB-KRB} Rf2+ {[%mdl 64] Double Attack} 34. Kg3 Rxb2 35. Rf1 {aiming for Rf6+.} Bd5 36. Rf6+ Kh7 37. g5 (37. c4 $5 Rg2+ 38. Kh3 bxc4 39. Rxf7+ $1 {[%mdl 512]} Kg8 40. Rg7+ Kf8 41. Rxc7 $11) 37... Rg2+ 38. Kh4 Kg8 $1 39. Bxc7 Rxa2 40. Rb6 Bc4 41. Rb8+ (41. Kh5 $142) 41... Kh7 $17 42. Kg4 a4 43. Be5 {Threatening mate with Rh8+.} Rg2+ 44. Kf4 {Intending Rh8+ and mate.} Rf2+ $1 45. Kg3 {[#]} (45. Ke3 $17 Rf1 46. Rb6) 45... Rf1 $1 $19 46. Rb6 {Rh6+ would kill now.} Rg1+ 47. Kf4 {White wants to mate with Rh6+.} Be6 48. Rxb5 (48. Bf6 $17) 48... a3 {[%cal Ba4a3,Ba3a2][%mdl 32] ...Rf1+ is the strong threat.} 49. c4 a2 50. Ra5 Bxc4 51. Bf6 Kg6 52. Ke3 Be6 53. Kf2 Rh1 54. Kg2 Rd1 55. Kf2 Rd3 56. Ke2 Rh3 57. Kf2 Kh5 58. Kg2 Rd3 59. Ra4 Bb3 60. Ra5 Kg4 61. Kf2 Rf3+ 62. Ke2 Rh3 63. Kd2 Kf4 64. Ke2 Ke4 65. Re5+ $1 Kf4 {( -> ...Bc4+)} 66. Ra5 Re3+ 67. Kd2 Rf3 68. Ke2 Bc4+ 69. Kd2 {intending Ra4.} Kg3 70. Be5+ Kf2 (70... Kg4 $19 71. Bh8 Bb3) 71. Bd4+ (71. Ra4 $17 {keeps fighting.}) 71... Kf1 {And now ...Rd3+ would win.} 72. Bf6 (72. Ba1 {was called for.}) 72... Rf2+ 73. Kc3 Be6 74. Kd3 Ke1 75. Bc3+ Kd1 {Threatens to win with ...Rf3+.} 76. Ke3 $2 (76. Ba1) 76... Rg2 (76... Kc2 $142 77. Bh8 Rf5) 77. Kf3 Rh2 {Hoping for ...Rh3+.} 78. Bg7 Kc1 79. Ke4 Bb3 80. Kd3 $2 {[#]} (80. Kf4) 80... Kb1 $2 (80... Rb2 $1 {[%mdl 512]} 81. Bc3 (81. Bxb2+ Kxb2) 81... Kb1 82. Bxb2 Kxb2) 81. Ke4 Rb2 $2 ({Better is} 81... Re2+ $19 82. Kf4 Re1) 82. Bxb2 $11 {The position is equal.} Kxb2 {KR-KB} 83. Ke5 Bc2 84. Kf6 Bg6 85. Rb5+ Ka3 86. Ra5+ Kb3 (86... Kb2 $5 87. Rb5+ $8 Kc2 $11) 87. Ra8 Kb2 88. Rb8+ Ka3 89. Ra8+ Kb2 90. Rb8+ {Accuracy: White = 53%, Black = 64%.} 1/2-1/2

[Event "84th ESP-ch 2019"]
[Site "Marbella"]
[Date "2019.11.23"]
[Round "8.24"]
[White "Guerra Rivera, Salvador"]
[Black "Ramirez Diaz, Jose Ramon"]
[Result "1-0"]
[WhiteElo "2334"]
[BlackElo "2171"]
[Annotator "NA"]
[PlyCount "71"]
[EventDate "2019.11.16"]
[EventType "swiss"]
[EventCountry "ESP"]
[SourceTitle "playchess.com"]
[Source "ChessBase"]
[SourceQuality "1"]
[TimeControl "5400+30"]

1. e4 {[%emt 0:00:00]} d6 {[%emt 0:00:00]} 2. d4 {[%emt 0:00:00]} Nf6 {[%emt 0:00:00]} 3. Nc3 {[%emt 0:00:00]} g6 {[%emt 0:00:09]} 4. f4 {[%emt 0:00:23]} Bg7 {[%emt 0:00:11]} 5. Nf3 {[%emt 0:00:06]} c5 {[%emt 0:00:25]} 6. Bb5+ {[%emt 0:00:21]} Bd7 {[%emt 0:00:13]} 7. e5 {[%emt 0:00:20]} Ng4 {[%emt 0:00:24]} 8. e6 {[%emt 0:00:55]} fxe6 {[%emt 0:00:27]} 9. Ng5 {[%emt 0:00:16]} Bxb5 {[%emt 0:00:29]} 10. Nxe6 {[%emt 0:00:50]} Bxd4 {[%emt 0:00:12]} 11. Nxb5 {[%emt 0:00:39]} Qa5+ {[%emt 0:01:34]} 12. Qd2 {[%emt 0:00:15]} Bf2+ {[%emt 0:00:43]} 13. Kd1 {[%emt 0:00:11]} Ne3+ {[%emt 0:00:58]} 14. Ke2 {[%emt 0:00:05]} Qxb5+ {[%emt 0:00:15]} 15. Kxf2 {[%emt 0:00:04]} Ng4+ {[%emt 0:00:11]} 16. Kg3 {[%emt 0:00:07]} Kd7 {[%emt 0:00:07]} 17. Re1 {[%emt 0:08:30]} Nf6 {[%emt 0:02:22]} 18. b3 {[%emt 0:00:56]} Na6 {[%emt 0:14:00]} 19. Bb2 {[%emt 0:02:02]} Rhg8 {[%emt 0:10:57]} 20. Bxf6 {[%emt 0:25:05]} exf6 {[%emt 0:00:15]} 21. Rad1 {[%emt 0:00:15]} Qc6 {[%emt 0:00:37]} 22. Qc3 {[%emt 0:00:11]} f5 {[%emt 0:19:33]} 23. Ng5 {[%emt 0:00:37]} Rae8 {[%emt 0:05:21]} 24. Nf7 {[%emt 0:11:31]} Kc7 {[%emt 0:11:46]} 25. Rxd6 {[%emt 0:01:16]} Qb5 {[%emt 0:00:34]} 26. Rde6 {[%emt 0:00:07]} Rxe6 {[%emt 0:03:17]} 27. Rxe6 {[%emt 0:00:02]} Kb8 {[%emt 0:01:56]} 28. Qe5+ {[%emt 0:07:11]} Nc7 {[%emt 0:01:00]} 29. Re7 {[%emt 0:00:20]} Qc6 {[%emt 0:01:58]} 30. Ng5 {[%emt 0:00:47]} b6 {[%emt 0:04:01]} 31. Ne6 {[%emt 0:00:19]} Rc8 {[%emt 0:00:45]} 32. Nxc7 {[%emt 0:00:13]} Rxc7 {[%emt 0:00:05]} 33. Rxh7 {[%emt 0:00:05]} Kb7 {[%emt 0:00:37]} 34. Rxc7+ {[%emt 0:00:06]} Qxc7 {[%emt 0:00:04]} 35. Qxc7+ {[%emt 0:00:07]} Kxc7 {[%emt 0:00:04]} 36. Kh4 {[%emt 0:00:06]} 1-0

[Event "84th ESP-ch 2019"]
[Site "Marbella"]
[Date "2019.11.23"]
[Round "8.25"]
[White "Zurano Lopez, Pedro"]
[Black "Jaime Montalvan, Luis Felipe"]
[Result "1-0"]
[WhiteElo "2292"]
[BlackElo "2167"]
[Annotator "NA"]
[PlyCount "51"]
[EventDate "2019.11.16"]
[EventType "swiss"]
[EventCountry "ESP"]
[SourceTitle "playchess.com"]
[Source "ChessBase"]
[SourceQuality "1"]
[TimeControl "5400+30"]

1. Nf3 {[%emt 0:00:00]} b6 {[%emt 0:01:37]} 2. e4 {[%emt 0:03:34]} Bb7 {[%emt 0:02:03]} 3. Nc3 {[%emt 0:03:58]} c5 {[%emt 0:00:07]} 4. d4 {[%emt 0:00:05]} cxd4 {[%emt 0:01:50]} 5. Nxd4 {[%emt 0:01:34]} a6 {[%emt 0:00:33]} 6. Be3 {[%emt 0:04:17]} d6 {[%emt 0:00:30]} 7. Bc4 {[%emt 0:03:13]} e6 {[%emt 0:00:47]} 8. a4 {[%emt 0:03:35]} Nf6 {[%emt 0:09:48]} 9. f3 {[%emt 0:00:30]} Nbd7 {[%emt 0:00:30]} 10. O-O {[%emt 0:00:30]} Ne5 {[%emt 0:00:30]} 11. Bxe6 {[%emt 0:00:30]} fxe6 {[%emt 0:00:30]} 12. Nxe6 {[%emt 0:00:30]} Qd7 {[%emt 0:00:30]} 13. Nd5 {[%emt 0:00:30]} Bxd5 {[%emt 0:00:30]} 14. exd5 {[%emt 0:00:30]} Qb7 {[%emt 0:00:30]} 15. f4 {[%emt 0:00:30]} Ned7 {[%emt 0:00:30]} 16. c4 {[%emt 0:00:30]} Kf7 {[%emt 1:00:22]} 17. g4 {[%emt 0:21:41]} Nc5 {[%emt 0:00:28]} 18. g5 {[%emt 0:02:29]} Nxe6 {[%emt 0:00:08]} 19. dxe6+ {[%emt 0:02:53]} Kxe6 {[%emt 0:00:30]} 20. gxf6 {[%emt 0:00:30]} gxf6 {[%emt 0:00:15]} 21. f5+ {[%emt 0:06:12]} Kf7 {[%emt 0:08:14]} 22. Qh5+ {[%emt 0:04:03]} Ke7 23. Rae1 {[%emt 0:00:10]} Rg8+ {[%emt 0:00:56]} 24. Bg5+ {[%emt 0:02:30]} Kd8 {[%emt 0:00:00]} 25. Qe8+ {[%emt 0:00:12]} Kc7 26. Qf7+ {Kd7} 1-0

[Event "84th ESP-ch 2019"]
[Site "Marbella"]
[Date "2019.11.23"]
[Round "8.26"]
[White "Rodriguez Lopez, Rafael"]
[Black "De La Cruz Revilla, Miguel"]
[Result "1/2-1/2"]
[WhiteElo "2228"]
[BlackElo "2138"]
[Annotator "TA"]
[PlyCount "150"]
[EventDate "2019.11.16"]
[EventType "swiss"]
[EventCountry "ESP"]
[SourceTitle "playchess.com"]
[Source "ChessBase"]
[SourceQuality "1"]

{[%evp 22,150,16,7,12,0,23,13,13,13,13,13,13,13,13,13,13,13,22,13,13,13,38,33,39,13,19,13,13,13,13,13,13,13,55,59,55,56,60,52,51,0,0,0,0,0,0,0,0,0,0,0,0,0,0,0,0,0,0,0,0,0,0,0,0,0,0,0,0,0,0,0,0,0,0,0,0,0,0,0,0,0,0,0,0,0,0,0,0,0,0,0,0,0,0,0,0,0,0,0,0,0,0,0,0,0,0,0,0,0,0,0,0,0,0,0,0,0,0,0,0,0,0,0,0,0,0,0,0,0,0]} 1. e4 c5 2. Nf3 Nc6 3. d4 cxd4 4. Nxd4 e5 5. Nb5 d6 6. c4 Be7 7. N1c3 a6 8. Na3 Nf6 9. Be2 Be6 10. O-O O-O 11. Nc2 Rc8 12. b3 b5 {B32: Sicilian: Löwenthal and Kalashnikov Variations} 13. cxb5 axb5 (13... Na7 $5 {[%cal Rc8c3]} 14. Bb2 Nxb5 15. Nxb5 axb5 $11) 14. Bf3 Nb4 15. Nxb4 Rxc3 16. Bd2 Rc8 17. Qe2 {[#]} Qd7 $146 ({Predecessor:} 17... Qb6 18. Rfd1 h6 19. h3 Rc7 20. Rac1 {½-½ (32) Timman,J (2635)-Short,N (2660) Belgrade 1989}) 18. Rfd1 Rfd8 19. Be3 Qb7 20. Qd3 Rc7 21. Rac1 Rdc8 22. Rxc7 Rxc7 23. h3 h6 24. Qb1 Rc8 25. Rd2 Bf8 26. Rc2 Rxc2 27. Qxc2 d5 (27... Qa8 {with more complications.} 28. Qd3 Bd7 29. g4 Qa5 30. Bd2 Qa7) 28. Nxd5 Nxd5 29. exd5 Bxd5 30. Bxd5 Qxd5 31. Qc8 (31. a4 $1 $14) 31... b4 $1 $11 {The position is equal.} 32. g3 Qd1+ 33. Kh2 {[#] Threatens to win with Bc5.} Qd5 34. h4 h5 35. Qf5 Qa8 36. Qxe5 Qxa2 37. Qb8 Qa5 38. Qe8 Qd5 39. Qc8 Qe5 40. Qa8 Qf5 41. Kg2 Qe5 42. Kf1 Qf5 43. Qd8 Qb1+ 44. Kg2 {[#] Black must now prevent Bc5.} Qe4+ 45. Kh2 {aiming for Bc5.} Qf5 46. Bb6 Qe5 47. Qc8 Qd5 48. Be3 Qe5 49. Qc4 Qf5 50. Kg2 Qa5 51. Kf3 Qa8+ 52. Ke2 Qb7 53. Kd3 Be7 54. Kc2 Qd7 55. Bd4 Qf5+ 56. Kd2 Qd7 57. Ke3 Qf5 58. Qc6 Bf8 59. Kd2 Qa5 60. Kd3 Qf5+ 61. Qe4 Qb5+ 62. Kd2 Qa5 63. Qd3 Qa2+ 64. Ke3 Qa8 65. Qd1 (65. Qe4 {looks sharper.} Qa6 66. Qe5 Qf1 67. Qd5 Qe1+ 68. Kd3) 65... Qd5 {Hoping for ...Bc5.} 66. Qd3 Qe6+ 67. Kd2 Qd5 68. Be3 Qa5 69. Qc4 Qa2+ 70. Kd3 Qa5 71. Kd4 Qf5 72. Qd5 Qc2 73. Qc4 Qf5 74. Qd5 Qc2 75. Qc4 Qf5 {Accuracy: White = 66%, Black = 89%.} 1/2-1/2

[Event "84th ESP-ch 2019"]
[Site "Marbella"]
[Date "2019.11.23"]
[Round "8.27"]
[White "Guillo Longares, Cecilia"]
[Black "Martinez Piqueras, Carlos"]
[Result "0-1"]
[WhiteElo "2100"]
[BlackElo "2206"]
[Annotator "ChessBase"]
[PlyCount "62"]
[EventDate "2019.11.16"]
[EventType "swiss"]
[EventCountry "ESP"]
[SourceTitle "playchess.com"]
[Source "ChessBase"]
[SourceQuality "1"]
[TimeControl "5400+30"]

1. d4 {[%emt 0:00:00]} Nf6 {[%emt 0:00:18]} 2. c4 {[%emt 0:00:00]} e6 {[%emt 0:00:25]} 3. Nf3 {[%emt 0:00:00]} Bb4+ {[%emt 0:00:25]} 4. Bd2 {[%emt 0:00:00]} c5 {[%emt 0:00:30]} 5. dxc5 {[%emt 0:00:30]} Bxc5 {[%emt 0:02:22]} 6. b4 {[%emt 0:02:45]} Be7 {[%emt 0:02:12]} 7. g3 {[%emt 0:00:51]} Ne4 {[%emt 0:03:05]} 8. a3 {[%emt 0:00:41]} Bf6 {[%emt 0:03:34]} 9. Ra2 {[%emt 0:00:07]} d5 {[%emt 0:01:12]} 10. cxd5 {[%emt 0:02:32]} Qxd5 {[%emt 0:17:40]} 11. Rc2 {[%emt 0:01:25]} Bd7 {[%emt 0:01:05]} 12. Qc1 {[%emt 0:01:42]} O-O {[%emt 0:06:15]} 13. Bg2 {[%emt 0:03:45]} Ba4 {[%emt 0:05:54]} 14. Rc8 {[%emt 0:01:23]} Nd7 {[%emt 0:00:07]} 15. Rxf8+ {[%emt 0:01:00]} Rxf8 {[%emt 0:00:06]} 16. O-O {[%emt 0:00:57]} Nb6 {[%emt 0:00:09]} 17. Ng5 {[%emt 0:08:10]} Bxg5 {[%emt 0:15:32]} 18. Bxg5 {[%emt 0:00:21]} Bc6 {[%emt 0:00:17]} 19. Qc2 {[%emt 0:13:26]} Qf5 {[%emt 0:05:36]} 20. Be3 {[%emt 0:17:04]} Nxg3 {[%emt 0:04:50]} 21. Rc1 {[%emt 0:00:21]} Bxg2 {[%emt 0:10:39]} 22. Kxg2 {[%emt 0:00:14]} Ne4 {[%emt 0:00:18]} 23. f3 {[%emt 0:06:21]} Qg6+ {[%emt 0:02:49]} 24. Kf1 {[%emt 0:00:35]} Nd5 {[%emt 0:01:21]} 25. Bxa7 {[%emt 0:06:04]} f5 {[%emt 0:05:54]} 26. Bc5 {[%emt 0:13:01]} Nxc5 {[%emt 0:03:40]} 27. Qxc5 {[%emt 0:00:18]} f4 {[%emt 0:00:04]} 28. Qf2 {[%emt 0:01:35]} Ne3+ {[%emt 0:00:29]} 29. Ke1 {[%emt 0:00:05]} Qf6 {[%emt 0:01:22]} 30. Qg1 {[%emt 0:03:59]} Rd8 {[%emt 0:01:44]} 31. Kf2 {[%emt 0:03:28]} Qh4+ {[%emt 0:00:17]} 0-1